|
|
|
|
| LEADER |
01893nam a2200445 i 4500 |
| 001 |
EBC3399483 |
| 003 |
MiAaPQ |
| 005 |
20200917021826.0 |
| 006 |
m o d | |
| 007 |
cr cnu|||||||| |
| 008 |
140116s2013 fr a o 000 0 fre d |
| 020 |
|
|
|z 9782759219865
|
| 020 |
|
|
|z 9782870161272
|
| 020 |
|
|
|z 9789290815266
|
| 020 |
|
|
|a 9782759219872
|q (electronic bk.)
|
| 035 |
|
|
|a (MiAaPQ)EBC3399483
|
| 035 |
|
|
|a (Au-PeEL)EBL3399483
|
| 035 |
|
|
|a (CaPaEBR)ebr10825814
|
| 035 |
|
|
|a (OCoLC)923348527
|
| 040 |
|
|
|a MiAaPQ
|b eng
|e rda
|e pn
|c MiAaPQ
|d MiAaPQ
|
| 043 |
|
|
|a w------
|
| 050 |
|
4 |
|a QK867
|b .J337 2013
|
| 082 |
0 |
|
|a 581.1335
|2 23
|
| 100 |
1 |
|
|a Jacquemard, Jean-Charles.
|
| 245 |
1 |
3 |
|a Le palmier a huile en plantation villageoise /
|c Jean-Charles Jacquemard ; directeur de la collection, Philippe Lhoste.
|
| 264 |
|
1 |
|a Versailles, France :
|b Presses agronomiques de Gembloux,
|c 2013.
|
| 264 |
|
4 |
|c 2013
|
| 300 |
|
|
|a 1 online resource (163 pages) :
|b illustrations.
|
| 336 |
|
|
|a text
|2 rdacontent
|
| 337 |
|
|
|a computer
|2 rdamedia
|
| 338 |
|
|
|a online resource
|2 rdacarrier
|
| 490 |
0 |
|
|a Agricultures tropicales en poche,
|x 1778-6568
|
| 588 |
|
|
|a Description based on online resource; title from PDF title page (ebrary, viewed January 16, 2014).
|
| 590 |
|
|
|a Electronic reproduction. Ann Arbor, MI : ProQuest, 2016. Available via World Wide Web. Access may be limited to ProQuest affiliated libraries.
|
| 650 |
|
0 |
|a Plants
|x Nutrition
|z Tropics.
|
| 655 |
|
4 |
|a Electronic books.
|
| 700 |
1 |
|
|a Lhoste, Philippe.
|
| 776 |
0 |
8 |
|i Print version:
|a Jacquemard, Jean-Charles.
|t Palmier a huile en plantation villageoise.
|d Versailles, France : Presses agronomiques de Gembloux, c2013
|h 141 pages
|k Agricultures tropicales en poche
|z 9782759219865
|
| 797 |
2 |
|
|a ProQuest (Firm)
|
| 856 |
4 |
0 |
|u https://ebookcentral.proquest.com/lib/matrademy/detail.action?docID=3399483
|z Click to View
|